Category Elimination - Movies #3 - Statistics

General Stats
  • This quiz has been taken 177 times
  • The average score is 13 of 20
Answer Stats
Group # Hint Answer % Correct
Orange 49 Movie starring Anne Hathaway
86%
Orange 39 ... released before 2020
85%
Purple 25 Best Animation Oscar film winner
83%
Purple 21 ... that is computer animated
83%
Orange 22 ... with a runtime over 105 minutes
80%
Purple 11 ... made by Pixar
79%
Green 38 2010s Best Actor Oscar nominees
78%
Green 28 .. who is under 65
73%
Orange 10 ... that has a rating of 3.5/5 or higher on Letterboxd
72%
Pink 12 Directed by Wes Anderson
65%
Green 18 .. ultimately under 55
64%
Pink 8 ... that doesn't have a double letter
63%
Pink 7 ... which made under $100 million at the box office
55%
Purple 3 ... where the 1st letter is in "PIXAR"
54%
Purple 1 ... and is set in Paris Ratatouille
52%
Pink 4 ... starring Willem Dafoe
47%
Orange 1 ... and was her cinematic debut The Princess Diaries
44%
Green 12 ... who has never won the award
39%
Green 1 ... and has played Wonka Timothee Chalamet
37%
Pink 1 ... and Meryl Streep Fantastic Mr. Fox
33%
No matching quizzes found
Score Distribution
Percent of People with Each Score
Percentile by Number Answered
Your Score History
You have not taken this quiz